000 00943nam a2200217Ia 4500
999 _c41611
_d41611
001 8280
003 GE_BSU
005 20240425122904.0
008 181216s2001||||ge |||||||||||||| ||geo||
040 _cGE_BSU
041 _ageo
080 _a581.2 ა–48
100 _aალექსიძე, გურამ
_97983
245 _aმცენარეთა მავნებელ–დაავადებები და მათთან ბრძოლა /
_cგურამ ალექსიძე, ოთარ ქუფარაშვილი.
264 _aთბილისი :
_c2001.
300 _a268 გვ. :
_bილ. ;
_c21 სმ.
541 _h25ლ.
653 _aმცენარეთა მავნებელ– დაავადებები და მათთან ბრძოლა
700 _aქუფარაშვილი, ოთარ
_eავტორი
_921933
942 _cBK
_2udc